Statistics for Numbered Bands

Click here to take the quiz!

General Stats

  • This quiz has been taken 594 times
  • The average score is 7 of 20

Answer Stats

Song Year Band % Correct
ABC1970The Jackson 5
77%
Payphone2012Maroon 5
63%
What's My Age Again?1999Blink-182
62%
In da Club200250 Cent
62%
Love Shack1989B-52's
60%
I Still Haven't Found What I'm Looking For1987U2
56%
Red Red Wine1968UB40
56%
What Makes You Beautiful2011One Direction
54%
Kryptonite20003 Doors Down
51%
The Kill200630 Seconds to Mars
29%
Semi-Charmed Life1997Third Eye Blind
28%
Joy to the World1971Three Dog Night
28%
3 AM1997Matchbox Twenty
24%
Head Like a Hole1990Nine Inch Nails
23%
Paralyzer2007Finger Eleven
20%
Ghosts 'n' Stuff2008deadmau5
20%
End of the Road1992Boyz II Men
20%
How Do U Want It19962pac
8%
I Am The Best20112NE1
3%
Again & Again20092PM
2%

Score Distribution

Percentile by Number Answered

Percent of People with Each Score

Your Score History

You have not taken this quiz